000
00232nam a2200097Ia 4500
008
120527s9999 xx 000 0 und d
100
_a
Akoroda,M.O
245
_a
Root crops for food security in Africa
260
_b
ISTRC
942
_c
BK
999
_c
20629
_d
20629